000 00722nam a22001937a 4500
999 _c6499
_d6499
003 AR-CdUCM
008 190318b ||||| |||| 00| 0 spa d
040 _aMUNICIPALIDAD PROVINCIAL DEL CUSCO
_cBIBLIOTECA MUNICIPAL DEL CUSCO
082 _a050 /
_bN89
245 _a2000 Anuario Yearbook /
260 _aMadrid :
_bNueva Acrópolis ;
_c1999.
300 _a162 páginas ;
_bFotografías, ilustraciones
_c30cm
505 _aContenido: Actividades culturales -- Voluntariado social -- Programas internacionales -- Educación -- Ecología...
650 _aAnuario
_918405
710 _aNueva Acrópolis - Asociación Cultural Internacional
_918406
856 _fwww.acropolis.org
942 _2ddc
_cLIBROS
945 _anom